Largest Cities in Argentina - Statistics

General Stats
  • This quiz has been taken 133 times
  • The average score is 16 of 50
Answer Stats
Population City Name % Correct
3,050,728 Buenos Aires
98%
1,372,000 Córdoba
89%
1,242,000 Rosario
86%
885,000 Mendoza
74%
732,000 La Plata
73%
604,000 Mar del Plata
67%
493,000 Santa Fe de la Vera Cruz
61%
516,000 Salta
60%
157,532 San Miguel
60%
789,000 San Miguel de Tucamán
60%
304,000 Bahía Blanca
56%
453,000 San Juan
54%
357,000 Santiago del Estero
48%
345,000 Corrientes
44%
255,000 Neuquén
44%
192,000 San Luis
44%
268,000 Paraná
42%
377,000 Resistencia
41%
172,000 La Rioja
36%
141,000 Comodoro Rivadavia
35%
229,000 Formosa
35%
287,000 Posadas
35%
298,000 San Salvador de Jujuy
31%
230,810 Quilmes
29%
196,000 Catamarca
26%
161,000 Río Cuarto
25%
158,000 San Rafael
23%
116,000 Santa Rosa
23%
130,000 San Carlos de Bariloche
20%
212,152 Lanús
19%
111,897 Lomas de Zamora
18%
125,000 Trelew
17%
148,000 Concordia
15%
145,165 San Fernando de la Buena
15%
134,000 San Nicolás de los Arroyos
15%
244,168 Merlo
13%
105,274 San Justo
13%
148,290 Moreno
12%
120,678 Florencio Varela
11%
216,637 José C. Paz
9%
167,498 Berazategui
8%
223,898 Banfield
7%
163,815 González Catán
6%
109,644 Monte Grande
6%
174,165 Hurlingham
5%
112,980 Avallaneda
4%
175,670 Gregorio de Laferrére
4%
111,160 Temperley
4%
131,981 Isidro Casanova
3%
130,790 Bernal
1%
No matching quizzes found
Score Distribution
Percent of People with Each Score
Percentile by Number Answered
Your Score History
You have not taken this quiz